Brawl Stars: Bruce Skins by Picture - Statistics

General Stats
  • This quiz has been taken 85 times
    14 since last reset
  • The average score is 10 of 16
Answer Stats
Picture Answer % Correct
Demogorgon Bruce
88%
Gummybear Bruce
75%
Koala Bruce
75%
Nita Bruce
75%
Panda Bruce
75%
Shiba Bruce
75%
True Gold Bruce
75%
True Silver Bruce
75%
Whale Watch Bruce
75%
Nian Bruce
63%
Runner Bruce
63%
Tusked Bruce
63%
Mechagodzilla Bruce
50%
Red Nose Bruce
38%
Reinbear Bruce
38%
Rui Shou Bruce
38%
No matching quizzes found
Score Distribution
Percent of People with Each Score
Percentile by Number Answered
Your Score History
You have not taken this quiz since the last reset